000 00721nam a2200253Ia 4500
003 OSt
005 20220925183451.0
006 a|||||r|||| 00| 0
007 ta
008 220923b |||||||| |||| 00| 0 eng d
020 _a8168987061
037 _cGeneral Book
040 _aRTL
_cRTL
_beng
041 _2eng
_aeng
082 _aY57:(G:55).281.N9, N8
100 _aAli Sabir
_9258626
245 0 _aEnvironmental scenario of Delhi slums
260 _aDelhi
_bGyan Sagar
_c1998
300 _axxiii, 277p
_ccm.
490 _aCouncil for social Development Publicaiton
650 _aSlums
_9241589
942 _hY57:(G:55).281.N9, N8
_cGB
_2CC
999 _c504978
_d504978